000 00527nam a22001817a 4500
005 20251108164200.0
008 250721s2001 xx 000 0 ara d
082 1 4 _a415.1/ابر
100 1 _aإبراهيم، خليل
245 1 0 _aقواعد اللغة العربية للمتقدمين /
264 1 _aعمان :
_bالأهلية للنشر،
_c2001.
300 _a236ص.
650 1 7 _aاللغة العربية
650 1 7 _aعلم الصرف
650 1 7 _aقواعد اللغة
942 _2ddc
_cBK
999 _c5718
_d5718